000 00424nab a2200145Ia 4500
003 ES-SlBCS
005 20210601124340.0
008 140529s2002 xxu||||| |||| 00| 0 eng d
041 _aeng
100 1 _aJanko, R.
_9140154
245 0 4 _aThe Herculaneum library: some recent developments
_c R. Janko
650 0 4 _aPapiros
_9140155
773 0 _tEstudios Clasicos
_gvol. 44, nº. 121, 2002, págs. 24-41
_wRev1190
942 _cAR
999 _c513378
_d513378